• 首页
  • 本馆介绍
  • 公告通知
  • 最新文献
  • 馆藏检索
  • 电子资源
  • 读者导购
  • 参考咨询
  • 我的图书馆
  • 登录
  • 详细信息显示
  • 放入我的书架
  • 预约/预借图书
  • 作者相关作品
  • 分类相关作品
  • 丛书相关作品
  • 出版社相关作品

书目信息

  • 表格格式
  • 工作单格式
  • 卡片格式
题名:
风景对联三千副
    
 
作者: 赵金光 , 王玉彩 编
分册:  
出版信息: 北京   金盾出版社  1995
页数: 228页
开本: 19cm
丛书名:
单 册:
中图分类: I269
科图分类: 44.68
主题词: 对联--中国--汇编
电子资源:
ISBN: 7-80022-980-7
000 00899n|m0 2200277 450
001 0102680636
005 20121116170000.0
010    @a7-80022-980-7@dCNY6
011    @a7-80022-980-7
100    @a20021005d1995 em y0chiy0110 ea
101 0  @achi
102    @aCN@b110000
105    @ay z 000zy
135    @adrbn ---auuuu
200 1  @a风景对联三千副@9Feng Jing Dui Lian San Qian Fu @f赵金光,王玉彩编@b电子资源.图书
210    @a北京@c金盾出版社@d1995
215    @a228页@d19cm
325    @a电子复制品
330    @a本书从历代名家题写名胜古迹的楹联中,选编了风景对联3000副,分:天地、日月、四时、山水、山石、河泉、湖海、花木、动物、长城、游赏等12类。
606 0  @a对联@y中国@x汇编
690    @aI269@v3
692    @a44.68
701  0 @a赵金光@9zhao jin guang@4编
701  0 @a王玉彩@c(女,@f1947~)@9wang yu cai@4编
801  0 @aCN@bAZmarc@c20230904
905    @dI269@e138@f9@sI269/138@aBZT
    
    风景对联三千副/赵金光,王玉彩编[电子资源.图书].-北京:金盾出版社,1995
    228页;19cm
    
    
    ISBN 7-80022-980-7:CNY6
    本书从历代名家题写名胜古迹的楹联中,选编了风景对联3000副,分:天地、日月、四时、山水、山石、河泉、湖海、花木、动物、长城、游赏等12类。
●
相关链接 在五车中查询图书 在当当中查询图书 在豆瓣中查询图书


正题名:风景对联三千副     索取号:I269/138         预约/预借

序号 登录号 条形码 馆藏地/架位号 状态 备注
1 2000123262   2000123262   旧书回溯/ [索取号:I269/138] 在馆    
2 2000123417   2000123417   旧书回溯/ [索取号:I269/138] 在馆    
3 2000123697   2000123697   旧书回溯/ [索取号:I269/138] 在馆    
4 2000123698   2000123698   旧书回溯/ [索取号:I269/138] 在馆    
5 2000123699   2000123699   旧书回溯/ [索取号:I269/138] 在馆    
6 2000123703   2000123703   旧书回溯/ [索取号:I269/138] 在馆    
7 2000123704   2000123704   旧书回溯/ [索取号:I269/138] 在馆    
8 2000123705   2000123705   旧书回溯/ [索取号:I269/138] 在馆    
9 2000123706   2000123706   旧书回溯/ [索取号:I269/138] 在馆    
山东省滨州职业学院图书馆 欢迎您!
大连网信软件有限公司© 版权所有